[Event "European Youth Chess Championship B18"]
[Site "Prague, Top Hotel Prague"]
[Date "2012.08.23"]
[Round "7.10"]
[White "Drnovsek, Gal"]
[Black "Sochacki, Christophe"]
[Result "1/2-1/2"]
[WhiteElo "2177"]
[BlackElo "2412"]
[PlyCount "0"]
[EventDate "2012.08.17"]

1. d4 {[%clk 1:30:58]} e6 {[%clk 1:30:48]} 2. Nf3 {[%clk 1:31:16]} c5
{[%clk 1:30:27]} 3. e3 {[%clk 1:30:53]} Nf6 {[%clk 1:30:01]} 4. c4
{[%clk 1:31:12]} d5 {[%clk 1:26:43]} 5. Nc3 {[%clk 1:31:25]} Nc6 {[%clk 1:25:08]}
6. a3 {[%clk 1:31:22]} a6 {[%clk 1:17:54]} 7. dxc5 {[%clk 1:31:15]} Bxc5
{[%clk 1:17:25]} 8. b4 {[%clk 1:30:44]} Be7 {[%clk 1:16:26]} 9. Bb2
{[%clk 1:30:24]} O-O {[%clk 1:12:57]} 10. Be2 {[%clk 1:28:51]} dxc4
{[%clk 1:13:14]} 11. Bxc4 {[%clk 1:27:53]} Qc7 {[%clk 1:11:56]} 12. Qe2
{[%clk 1:26:30]} Bd7 {[%clk 1:08:38]} 13. O-O {[%clk 1:26:09]} Rac8
{[%clk 1:09:01]} 14. Bd3 {[%clk 1:19:15]} Ng4 {[%clk 1:03:03]} 15. b5
{[%clk 1:05:39]} Nce5 {[%clk 0:49:37]} 16. Nxe5 {[%clk 1:05:11]} Nxe5
{[%clk 0:50:05]} 17. bxa6 {[%clk 0:55:52]} Nxd3 {[%clk 0:49:11]} 18. Qxd3
{[%clk 0:55:56]} bxa6 {[%clk 0:49:37]} 19. Rfd1 {[%clk 0:48:11]} Bc6
{[%clk 0:40:46]} 20. Qxa6 {[%clk 0:46:37]} Rb8 {[%clk 0:40:16]} 21. Qe2
{[%clk 0:46:12]} Qb7 {[%clk 0:39:35]} 22. Rab1 {[%clk 0:41:34]} Bf6
{[%clk 0:39:52]} 23. Ba1 {[%clk 0:37:14]} Qa8 {[%clk 0:39:55]} 24. e4
{[%clk 0:35:45]} Qxa3 {[%clk 0:36:04]} 25. e5 {[%clk 0:33:50]} Be7
{[%clk 0:36:28]} 26. Nb5 {[%clk 0:30:16]} Qa8 {[%clk 0:32:11]} 27. f3
{[%clk 0:29:19]} Rfd8 {[%clk 0:31:52]} 28. Nd6 {[%clk 0:25:49]} Bd5
{[%clk 0:27:20]} 29. Bd4 {[%clk 0:24:04]} Rxb1 {[%clk 0:25:37]} 30. Rxb1
{[%clk 0:24:27]} Qa4 {[%clk 0:26:04]} 31. Qb2 {[%clk 0:22:02]} h5
{[%clk 0:25:11]} 32. Ra1 {[%clk 0:21:08]} Qc6 {[%clk 0:25:10]} 33. Rc1
{[%clk 0:16:57]} Qd7 {[%clk 0:23:37]} 34. Bb6 {[%clk 0:15:35]} Rb8
{[%clk 0:23:47]} 35. Qd4 {[%clk 0:14:29]} Bxd6 {[%clk 0:10:05]} 36. exd6
{[%clk 0:14:52]} Qxd6 {[%clk 0:10:18]} 37. Bc5 {[%clk 0:13:39]} Qa6
{[%clk 0:05:47]} 38. Qe5 {[%clk 0:12:24]} Rc8 {[%clk 0:06:16]} 39. Be3
{[%clk 0:10:03]} Rxc1+ {[%clk 0:05:17]} 40. Bxc1 {[%clk 0:40:32]} Qd3
{[%clk 0:35:45]} 41. Bb2 {[%clk 0:36:52]} f6 {[%clk 0:33:57]} 42. Qd4
{[%clk 0:36:01]} Qb1+ {[%clk 0:33:19]} 43. Kf2 {[%clk 0:36:28]} Qc2+
{[%clk 0:33:45]} 44. Kg1 {[%clk 0:36:35]} Bc4 {[%clk 0:33:14]} 45. h3
{[%clk 0:34:27]} e5 {[%clk 0:32:46]} 46. Qc3 {[%clk 0:33:23]} Qe2
{[%clk 0:33:08]} 47. Bc1 {[%clk 0:32:30]} Bd3 {[%clk 0:31:57]} 48. Qd2
{[%clk 0:29:47]} Qf1+ {[%clk 0:32:22]} 49. Kh2 {[%clk 0:30:16]} Kh7
{[%clk 0:31:29]} 50. Qe3 {[%clk 0:28:20]} g5 {[%clk 0:30:43]} 51. Bd2
{[%clk 0:27:03]} Qb1 {[%clk 0:29:28]} 52. h4 {[%clk 0:26:14]} Bf1
{[%clk 0:28:04]} 53. hxg5 {[%clk 0:24:58]} Qd3 {[%clk 0:26:19]} 1/2-1/2

[Event "European Youth Chess Championship B18"]
[Site "Prague, Top Hotel Prague"]
[Date "2012.08.23"]
[Round "7.12"]
[White "Blazeka, Matej"]
[Black "Dragun, Kamil"]
[Result "0-1"]
[WhiteElo "2245"]
[BlackElo "2465"]
[PlyCount "82"]
[EventDate "2012.08.17"]

1. e4 c5 2. Nf3 d6 3. d4 cxd4 4. Nxd4 Nf6 5. f3 Nc6 6. c4 e5 7. Nb3 a5 8. Be3
Be6 9. Nc3 Be7 10. Be2 O-O 11. O-O Nd7 12. Nd5 a4 13. Nxe7+ Qxe7 14. Nd2 Nc5
15. Rc1 a3 16. b3 Nb4 17. Ra1 f5 18. Qc1 fxe4 19. Nxe4 Nxe4 20. fxe4 Rxf1+ 21.
Bxf1 Qh4 22. Bd2 Nc6 23. Qe1 Qg4 24. Qe2 Qg6 25. Bc3 Rf8 26. Qd3 Bg4 27. Re1
Rf4 28. Bd2 Rf6 29. Re3 Nd4 30. h3 Bd1 31. c5 dxc5 32. Qc4+ Qf7 33. Re1 Bh5 34.
b4 b5 35. Qxf7+ Bxf7 36. bxc5 Ra6 37. Ra1 Rc6 38. Rc1 Bxa2 39. Ra1 Bc4 40.
Bxc4+ bxc4 41. Rxa3 Rxc5 0-1

[Event "European Youth Chess Championship B18"]
[Site "Prague, Top Hotel Prague"]
[Date "2012.08.23"]
[Round "7.13"]
[White "Schreiner, Till"]
[Black "Kriebel, Tadeas"]
[Result "0-1"]
[WhiteElo "2234"]
[BlackElo "2376"]
[PlyCount "72"]
[EventDate "2012.08.17"]

1. d4 Nf6 2. c4 g6 3. Nf3 Bg7 4. g3 d5 5. cxd5 Nxd5 6. Bg2 Nb6 7. Nc3 Nc6 8. e3
O-O 9. O-O Re8 10. Re1 e6 11. Qe2 e5 12. Nxe5 Nxe5 13. dxe5 Bxe5 14. e4 Be6 15.
f4 Bc4 16. Qf2 Bxc3 17. bxc3 Na4 18. Qc2 b5 19. Rd1 Qf6 20. Rd4 Rad8 21. Be3 c5
22. Rxd8 Rxd8 23. e5 Qb6 24. Rd1 Rxd1+ 25. Qxd1 Nxc3 26. Qd7 Ne2+ 27. Kf2 Nd4
28. Qc8+ Kg7 29. f5 gxf5 30. Bg5 Qa5 31. g4 Ne6 32. Bf6+ Kh6 33. Qd7 Nd4 34.
Kg3 Qc3+ 35. Kh4 Qe1+ 36. Kh3 Be6 0-1

[Event "European Youth Chess Championship B18"]
[Site "Prague, Top Hotel Prague"]
[Date "2012.08.23"]
[Round "7.14"]
[White "Straka, Jozef"]
[Black "Pagerka, Martin"]
[Result "1-0"]
[WhiteElo "2360"]
[BlackElo "2258"]
[PlyCount "79"]
[EventDate "2012.08.17"]

1. d4 c5 2. d5 f5 3. Nc3 d6 4. e4 Nf6 5. exf5 Bxf5 6. Bd3 Bg4 7. Be2 Bd7 8. Nf3
g6 9. Bg5 Qb6 10. Qd2 Bg7 11. O-O Na6 12. Rab1 Qa5 13. Rfe1 Nc7 14. Bc4 h6 15.
Nb5 Qb6 16. Nxd6+ Kf8 17. Bxf6 exf6 18. Ne4 f5 19. d6 fxe4 20. dxc7 Bf5 21. Qf4
Rc8 22. Rxe4 Qf6 23. Rd1 b5 24. Ne5 bxc4 25. Rd8+ Rxd8 26. cxd8=Q+ Qxd8 27.
Nxg6+ Kg8 28. Ne7+ Qxe7 29. Rxe7 Bg6 30. Qxc4+ Kh7 31. Qxc5 Rg8 32. h4 Kh8 33.
h5 Bh7 34. c3 a6 35. Qc6 Bf8 36. Re8 a5 37. Qf6+ Bg7 38. Rxg8+ Bxg8 39. Qd8 a4
40. Qa8 1-0

[Event "European Youth Chess Championship B18"]
[Site "Prague, Top Hotel Prague"]
[Date "2012.08.23"]
[Round "7.16"]
[White "Verstraeten, Reinaert"]
[Black "Tomazini, Zan"]
[Result "1/2-1/2"]
[WhiteElo "2191"]
[BlackElo "2345"]
[PlyCount "121"]
[EventDate "2012.08.17"]

1. d4 Nf6 2. c4 g6 3. Nc3 Bg7 4. e4 d6 5. Be2 O-O 6. Bg5 h6 7. Be3 Na6 8. Qd2
Kh7 9. Rd1 Ng4 10. Bxg4 Bxg4 11. f3 Be6 12. b3 c5 13. Nge2 Qa5 14. O-O Nc7 15.
dxc5 dxc5 16. Nd5 Qxd2 17. Rxd2 Bxd5 18. cxd5 b6 19. Rc1 Nb5 20. f4 Rad8 21. a4
Nd6 22. Ng3 Rd7 23. Rcd1 h5 24. e5 h4 25. exd6 hxg3 26. dxe7 Rxe7 27. Rd3 Rfe8
28. Bd2 Bd4+ 29. Kh1 gxh2 30. Kxh2 Re4 31. Bc3 Bxc3 32. Rxc3 Rxf4 33. Kg3 Rfe4
34. d6 Rd8 35. d7 Kg7 36. Kf3 f5 37. Rd6 Kf7 38. Rcd3 Rg4 39. R6d5 Ke6 40. Rd6+
Ke7 41. g3 Rd4 42. R3xd4 cxd4 43. Rxg6 Rxd7 44. Ke2 Kf7 45. Rh6 Re7+ 46. Kd3
Re3+ 47. Kxd4 Rxg3 48. Ke5 Kg7 49. Rc6 Rxb3 50. Kxf5 Rf3+ 51. Ke5 Rf7 52. Kd5
Rf5+ 53. Kc4 Ra5 54. Kb4 Kf7 55. Rc7+ Ke6 56. Rh7 Kd6 57. Rg7 Kc6 58. Rh7 a6
59. Rh6+ Kc7 60. Rh7+ Kc6 61. Rh6+ 1/2-1/2

[Event "European Youth Chess Championship B18"]
[Site "Prague, Top Hotel Prague"]
[Date "2012.08.23"]
[Round "7.17"]
[White "Franklin, Samuel G A"]
[Black "Abbasov, Amil"]
[Result "0-1"]
[WhiteElo "2264"]
[BlackElo "2209"]
[PlyCount "116"]
[EventDate "2012.08.17"]

1. e4 c5 2. Nf3 Nc6 3. d4 cxd4 4. Nxd4 g6 5. c4 Bg7 6. Be3 Nf6 7. Nc3 O-O 8.
Be2 d6 9. O-O Bd7 10. Qd2 Nxd4 11. Bxd4 Bc6 12. Bd3 Nd7 13. Bxg7 Kxg7 14. b4 b6
15. Rac1 Rc8 16. Rfd1 Nf6 17. f3 Qc7 18. Bf1 Bd7 19. Kh1 Qb7 20. Qd4 Be6 21.
Re1 Kg8 22. Red1 Rfd8 23. e5 Ne8 24. f4 Rd7 25. Qe4 Qxe4 26. Nxe4 dxe5 27. Rxd7
Bxd7 28. fxe5 Bc6 29. Nc3 Ng7 30. Kg1 f6 31. exf6 exf6 32. Kf2 Nf5 33. Rd1 Be8
34. Nd5 Kg7 35. g4 Nh6 36. Kg3 Bf7 37. Re1 Bxd5 38. cxd5 Rc3+ 39. Kf4 g5+ 40.
Ke4 Nxg4 41. Kd4 Rc2 42. Re7+ Kg8 43. Rxa7 Rd2+ 44. Ke4 h5 45. h3 Ne5 46. Bb5
g4 47. hxg4 hxg4 48. Kf4 Rxd5 49. a4 Rd4+ 50. Kf5 g3 51. Kxf6 Ng4+ 52. Kg6 Rd6+
53. Kg5 g2 54. Ra8+ Kf7 55. Ra7+ Ke6 56. Bc4+ Ke5 57. Re7+ Kd4 58. Re1 Kxc4 0-1

[Event "European Youth Chess Championship B18"]
[Site "Prague, Top Hotel Prague"]
[Date "2012.08.23"]
[Round "7.18"]
[White "Nikologorskiy, Konstantin"]
[Black "Mcclement, Andrew"]
[Result "1-0"]
[WhiteElo "2400"]
[BlackElo "2088"]
[PlyCount "75"]
[EventDate "2012.08.17"]

1. c4 Nf6 2. Nc3 e6 3. e4 d5 4. e5 d4 5. exf6 dxc3 6. bxc3 Qxf6 7. d4 b6 8. Be2
Bb7 9. Bf3 Bxf3 10. Nxf3 Bd6 11. Qa4+ c6 12. O-O O-O 13. Rb1 Qd8 14. Be3 Qc8
15. Rxb6 axb6 16. Qxa8 c5 17. Qa4 Qc7 18. d5 e5 19. Qc2 Nd7 20. a3 h6 21. Nh4
Ra8 22. Nf5 Bf8 23. a4 Ra5 24. g4 Qa7 25. Ra1 Qa6 26. Qb3 Kh7 27. Ng3 Nf6 28.
g5 hxg5 29. Bxg5 Nd7 30. h4 f6 31. Be3 Kg8 32. h5 Kf7 33. f3 Bd6 34. Nf5 Bc7
35. Qa2 Qc8 36. Qg2 Qh8 37. Qg6+ Kf8 38. h6 1-0

[Event "European Youth Chess Championship B18"]
[Site "Prague, Top Hotel Prague"]
[Date "2012.08.23"]
[Round "7.19"]
[White "Seidl, Stepan"]
[Black "Doros, Radu-Marian"]
[Result "1/2-1/2"]
[WhiteElo "2187"]
[BlackElo "2338"]
[PlyCount "99"]
[EventDate "2012.08.17"]

1. c4 e5 2. Nc3 Nf6 3. g3 c6 4. d4 exd4 5. Qxd4 d5 6. Bh3 Bxh3 7. Nxh3 dxc4 8.
Qxc4 Bd6 9. Bg5 h6 10. Bxf6 Qxf6 11. Ne4 Qe7 12. Nxd6+ Qxd6 13. Rd1 Qe7 14. Nf4
Nd7 15. O-O Ne5 16. Qe4 O-O 17. Nd3 Rfe8 18. Nxe5 Qxe5 19. Qxe5 Rxe5 20. Rd2
Rae8 21. e3 Ra5 22. b3 b6 23. Rc1 Re6 24. f4 f5 25. Kf2 Kf7 26. Kf3 Ke7 27.
Rcd1 Kf6 28. Rc1 Ra3 29. g4 g6 30. gxf5 gxf5 31. Rg1 c5 32. Rd7 Re7 33. Rd6+
Re6 34. Rd7 Re7 35. Rd6+ Kf7 36. Rg2 c4 37. Rxh6 cxb3 38. axb3 Rxb3 39. Rh7+
Ke8 40. Rg8+ Kd7 41. Rxe7+ Kxe7 42. Rg7+ Ke6 43. Rxa7 Rb2 44. h4 b5 45. h5 Kd5
46. Kg3 Rb1 47. Kg2 Rb2+ 48. Kg3 Rb1 49. Kg2 Rb2+ 50. Kg3 1/2-1/2

[Event "European Youth Chess Championship B18"]
[Site "Prague, Top Hotel Prague"]
[Date "2012.08.23"]
[Round "7.20"]
[White "Jovanovic, Bojan P"]
[Black "Godart, Francois"]
[Result "0-1"]
[WhiteElo "2179"]
[BlackElo "2337"]
[PlyCount "73"]
[EventDate "2012.08.17"]

1. d4 f5 2. Nf3 Nf6 3. g3 d6 4. Bg2 g6 5. O-O Bg7 6. b3 O-O 7. Bb2 Na6 8. Nbd2
c6 9. c4 Qe8 10. a3 e5 11. dxe5 Ng4 12. b4 dxe5 13. h3 Nh6 14. e4 Nf7 15. c5
Be6 16. Qe2 Rd8 17. Nc4 fxe4 18. Nfxe5 Nxe5 19. Nxe5 Bxh3 20. Qxe4 Bxg2 21.
Kxg2 Qe6 22. Rad1 Nc7 23. Rfe1 Nd5 24. Qc2 Rde8 25. Re2 Qf6 26. Rde1 Qg5 27.
Qb3 Qf5 28. b5 Bxe5 29. Bxe5 Rxe5 30. Rxe5 Qxf2+ 31. Kh1 Rf3 32. Qc4 Qxg3 33.
Re8+ Kg7 34. Qd4+ Nf6 35. R8e7+ Kh6 36. Qd2+ Rf4 37. Qg2 0-1

[Event "European Youth Chess Championship B18"]
[Site "Prague, Top Hotel Prague"]
[Date "2012.08.23"]
[Round "7.21"]
[White "Emiroglu, Cankut"]
[Black "Balacek, Tadeas"]
[Result "1-0"]
[WhiteElo "2299"]
[BlackElo "2178"]
[PlyCount "117"]
[EventDate "2012.08.17"]

1. Nf3 Nf6 2. g3 d5 3. Bg2 c6 4. d3 Bg4 5. Nbd2 Nbd7 6. h3 Bxf3 7. Bxf3 g6 8.
e4 Bg7 9. O-O O-O 10. Qe2 e5 11. Rd1 Qe7 12. Nf1 Nc5 13. c3 Rad8 14. Bg5 h6 15.
Bd2 Nxd3 16. Bxh6 Nf4 17. Bxf4 dxe4 18. Bg5 exf3 19. Qxf3 e4 20. Qe2 Rfe8 21.
Rxd8 Qxd8 22. Rd1 Qc8 23. Bxf6 Bxf6 24. Kg2 Qe6 25. a3 Be7 26. Ne3 f5 27. Qc4
Qxc4 28. Nxc4 Rd8 29. Rxd8+ Bxd8 30. Nd6 b5 31. g4 Bc7 32. Nc8 fxg4 33. hxg4 a6
34. Ne7+ Kf7 35. Nxc6 Bf4 36. Nd4 Bc1 37. b4 Bxa3 38. f3 Bb2 39. Ne2 exf3+ 40.
Kxf3 Ke6 41. Ke4 Kf6 42. Kf4 Ke6 43. Ke4 Kf6 44. Kd3 Kg5 45. Kc2 Ba1 46. Kb1
Bxc3 47. Nxc3 Kxg4 48. Kc2 Kf3 49. Kd2 g5 50. Ke1 g4 51. Nd5 Kg2 52. Ke2 Kg3
53. Ke3 Kg2 54. Nf4+ Kg3 55. Ne2+ Kg2 56. Kf4 Kh3 57. Ng3 Kh4 58. Ne4 Kh5 59.
Kg3 1-0

[Event "European Youth Chess Championship B18"]
[Site "Prague, Top Hotel Prague"]
[Date "2012.08.23"]
[Round "7.22"]
[White "Pop, Alexandru"]
[Black "Lis, Marek"]
[Result "0-1"]
[WhiteElo "2271"]
[BlackElo "2162"]
[PlyCount "68"]
[EventDate "2012.08.17"]

1. Nf3 Nc6 2. d4 e6 3. g3 Nf6 4. Bg2 d5 5. O-O h6 6. c4 Bd6 7. Nc3 O-O 8. b3
Na5 9. cxd5 exd5 10. Nb5 Bf5 11. Nxd6 cxd6 12. Bd2 Ne4 13. Rc1 Qb6 14. e3 Rac8
15. Qe2 Rc6 16. Rfd1 Rfc8 17. Rxc6 bxc6 18. Rc1 c5 19. Nh4 Be6 20. Bxe4 dxe4
21. dxc5 dxc5 22. Ng2 c4 23. Bxa5 Qxa5 24. bxc4 Qa3 25. Rc2 Qb4 26. Nf4 Bxc4
27. Qd1 Rb8 28. Qc1 Ba6 29. Nd5 Qb1 30. h4 Bd3 31. Rc8+ Kh7 32. Kg2 Rxc8 33.
Qxc8 Qf1+ 34. Kh2 Qxf2+ 0-1

[Event "European Youth Chess Championship B18"]
[Site "Prague, Top Hotel Prague"]
[Date "2012.08.23"]
[Round "7.23"]
[White "Guttulsrud, Odd Martin"]
[Black "Gaehwiler, Gabriel"]
[Result "0-1"]
[WhiteElo "2172"]
[BlackElo "2267"]
[PlyCount "88"]
[EventDate "2012.08.17"]

1. e4 c5 2. Nf3 d6 3. d4 cxd4 4. Nxd4 Nf6 5. Nc3 a6 6. Be3 e5 7. Nb3 Be6 8. h3
Nbd7 9. g4 Rc8 10. Qd2 b5 11. O-O-O Nb6 12. Bxb6 Qxb6 13. Bg2 Be7 14. Nd5 Bxd5
15. exd5 Rc4 16. Kb1 O-O 17. Rhf1 Rfc8 18. Rc1 Bd8 19. f4 Nd7 20. fxe5 Nxe5 21.
Qf2 Qb7 22. Qd2 h6 23. Na5 Bxa5 24. Qxa5 b4 25. Rfe1 R4c5 26. Qa4 a5 27. Be4 g6
28. Qb3 Qe7 29. Qg3 Qf6 30. Rf1 Qg7 31. b3 Rc3 32. Qf2 Rxh3 33. Qb6 a4 34. Qxb4
a3 35. c3 Re3 36. Qd4 Nxg4 37. Rf4 f5 38. Qxg7+ Kxg7 39. Bg2 Re2 40. Bh3 Rb2+
41. Ka1 Ne3 42. Ra4 Nc2+ 43. Rxc2 Rxc2 44. Rxa3 Re8 0-1

[Event "European Youth Chess Championship B18"]
[Site "Prague, Top Hotel Prague"]
[Date "2012.08.23"]
[Round "7.25"]
[White "Braun, Marek"]
[Black "Papakonstantinou, Dimitrios"]
[Result "1-0"]
[WhiteElo "2200"]
[BlackElo "2129"]
[PlyCount "81"]
[EventDate "2012.08.17"]

1. d4 Nf6 2. g3 g6 3. Bg2 Bg7 4. c4 O-O 5. Nc3 d6 6. Nf3 Nbd7 7. O-O e5 8. h3
c6 9. e4 Qb6 10. Re1 exd4 11. Nxd4 Re8 12. Na4 Qa5 13. Bf4 Ne5 14. Qc2 a6 15.
Bd2 Qc7 16. b4 c5 17. bxc5 dxc5 18. Nb3 Nfd7 19. Rac1 Nc6 20. Be3 b6 21. Nc3
Nb4 22. Qb1 Ne5 23. Nd5 Qc6 24. Nxb4 cxb4 25. f4 Qc7 26. fxe5 Bxe5 27. g4 h5
28. gxh5 Bh2+ 29. Kh1 Qg3 30. Qc2 gxh5 31. Bf1 Rxe4 32. Qxe4 Rb8 33. Bd3 Bb7
34. Qxb7 Rxb7 35. Rg1 Bxg1 36. Rxg1 Qxg1+ 37. Kxg1 a5 38. c5 a4 39. cxb6 axb3
40. axb3 Re7 41. Bc5 1-0

[Event "European Youth Chess Championship B18"]
[Site "Prague, Top Hotel Prague"]
[Date "2012.08.23"]
[Round "7.26"]
[White "Rubes, Jan"]
[Black "Andreev, Sasho"]
[Result "1/2-1/2"]
[WhiteElo "2097"]
[BlackElo "2197"]
[PlyCount "95"]
[EventDate "2012.08.17"]

1. Nf3 Nf6 2. g3 g6 3. Bg2 Bg7 4. d3 d5 5. Nbd2 O-O 6. O-O c6 7. e4 dxe4 8.
dxe4 Bg4 9. h3 Bxf3 10. Qxf3 Nfd7 11. Rd1 Na6 12. c3 Qc7 13. Qe2 Rad8 14. Nf3
Nac5 15. Bg5 Rfe8 16. Ne1 b5 17. Be3 Na4 18. Bd4 Bf8 19. b3 Nab6 20. Rac1 c5
21. Be3 c4 22. Nc2 e6 23. e5 Nxe5 24. Bf4 Rxd1+ 25. Rxd1 f6 26. Nd4 a6 27. Nc6
Bd6 28. Bxe5 fxe5 29. Qd2 Bf8 30. b4 Kg7 31. h4 Rc8 32. Na5 Be7 33. Qe2 Na4 34.
Qe1 Rd8 35. Rxd8 Bxd8 36. h5 e4 37. hxg6 h6 38. Bxe4 Bf6 39. Nb7 Nxc3 40. Nc5
Qe5 41. Bb7 a5 42. Bc8 Ne2+ 43. Kf1 Nd4 44. Qd2 c3 45. Qxd4 Qxd4 46. Nxe6+ Kxg6
47. Nxd4 Bxd4 48. Ke2 1/2-1/2

[Event "European Youth Chess Championship B18"]
[Site "Prague, Top Hotel Prague"]
[Date "2012.08.23"]
[Round "7.28"]
[White "Berchtenbreiter, Maximilian"]
[Black "Swijsen, Lars"]
[Result "1-0"]
[WhiteElo "2326"]
[BlackElo "2097"]
[PlyCount "91"]
[EventDate "2012.08.17"]

1. e4 e6 2. d3 c5 3. Nf3 Nc6 4. g3 g6 5. Bg2 Bg7 6. Nbd2 Nge7 7. O-O O-O 8. c3
d6 9. a4 e5 10. Nc4 h6 11. Be3 Be6 12. b4 cxb4 13. cxb4 Nxb4 14. Qd2 Na6 15.
Bxh6 Nc5 16. Bxg7 Kxg7 17. Qe3 Rc8 18. Ng5 Qd7 19. Rac1 f6 20. Nxe6+ Qxe6 21.
a5 Rc7 22. f4 Rfc8 23. f5 gxf5 24. exf5 Nxf5 25. Rxf5 Qxf5 26. Nxd6 Qe6 27.
Nxc8 Qxc8 28. h3 b6 29. Rc4 Kf7 30. Rh4 Qf5 31. g4 Qg6 32. Rh6 Qg7 33. g5 fxg5
34. axb6 axb6 35. Rxb6 g4 36. h4 g3 37. h5 e4 38. d4 Ne6 39. Bxe4 Qxd4 40. Bg6+
Kf8 41. Rxe6 Rc1+ 42. Kg2 Qd5+ 43. Kh3 Rh1+ 44. Kg4 Qc4+ 45. Kg5 Qd5+ 46. Kh6
1-0

[Event "European Youth Chess Championship B18"]
[Site "Prague, Top Hotel Prague"]
[Date "2012.08.23"]
[Round "7.30"]
[White "Gabovits, Ilia"]
[Black "Lewicki, Miroslaw"]
[Result "0-1"]
[WhiteElo "1893"]
[BlackElo "2200"]
[PlyCount "64"]
[EventDate "2012.08.17"]

1. e4 c5 2. Nf3 d6 3. d4 Nf6 4. dxc5 Nxe4 5. cxd6 Nxd6 6. Nc3 g6 7. Bf4 Bg7 8.
Bxd6 exd6 9. Qe2+ Be6 10. Qb5+ Nd7 11. Ne4 O-O 12. Be2 Qc7 13. c3 d5 14. Ng3
Bxc3+ 15. Kf1 Bf6 16. h4 a6 17. Qb4 Qb6 18. Qf4 Qxb2 19. Rd1 h5 20. Bd3 Bg7 21.
Ng5 Qe5 22. Qd2 Nc5 23. Bb1 Rad8 24. Re1 Qc3 25. Qf4 Qc4+ 26. Qxc4 dxc4 27.
Bxg6 fxg6 28. Nxe6 Nxe6 29. Rxe6 c3 30. Re1 c2 31. Ne2 Rd1 32. Nc1 Bb2 0-1

[Event "European Youth Chess Championship B18"]
[Site "Prague, Top Hotel Prague"]
[Date "2012.08.23"]
[Round "7.31"]
[White "Ronka, Erik"]
[Black "Pecurica, Milos"]
[Result "0-1"]
[WhiteElo "2086"]
[BlackElo "2132"]
[PlyCount "86"]
[EventDate "2012.08.17"]

1. d4 d5 2. c4 c6 3. Nf3 Nf6 4. Nc3 e6 5. Bg5 h6 6. Bh4 dxc4 7. e4 g5 8. Bg3 b5
9. Be2 Bb7 10. h4 g4 11. Ne5 h5 12. O-O Nbd7 13. Qc2 Nxe5 14. Bxe5 Bg7 15. Bg3
Qxd4 16. Rfd1 Qb6 17. Qd2 Rh6 18. e5 Nd5 19. Ne4 Rg6 20. b3 cxb3 21. Nd6+ Kf8
22. axb3 Bh6 23. Qe1 Bf4 24. Bd3 Bxg3 25. Bxg6 fxg6 26. Nxb7 Bxh4 27. Nd6 Kg7
28. g3 Bxg3 29. Ne4 Bh4 30. Qa5 Qxa5 31. Rxa5 Bd8 32. Ra6 Bb6 33. Rc1 Rf8 34.
Rxc6 Rf4 35. Rcxb6 axb6 36. Ng5 Nc7 37. Rxb6 Kh6 38. Nxe6 Nxe6 39. Rxe6 Re4 40.
Re8 Kg5 41. e6 Kf6 42. Rb8 Rb4 43. Rb6 Ke7 0-1

[Event "European Youth Chess Championship B18"]
[Site "Prague, Top Hotel Prague"]
[Date "2012.08.23"]
[Round "7.32"]
[White "Foster, James M"]
[Black "Van Overdam, Julian"]
[Result "1/2-1/2"]
[WhiteElo "2037"]
[BlackElo "2273"]
[PlyCount "124"]
[EventDate "2012.08.17"]

1. e4 c5 2. Nf3 e6 3. d4 cxd4 4. Nxd4 Nf6 5. Nc3 d6 6. Be3 Nc6 7. f3 Be7 8. Qd2
O-O 9. g4 d5 10. g5 Nh5 11. exd5 exd5 12. Rg1 Nxd4 13. Qxd4 Be6 14. O-O-O Rc8
15. Be2 Bc5 16. Qd2 Bb4 17. Bd4 Qd6 18. Kb1 Bf5 19. Bd3 Bxd3 20. Qxd3 Nf4 21.
Qe3 Rfe8 22. Qd2 Re2 23. Qc1 Bxc3 24. Bxc3 Ne6 25. Rd2 Qxh2 26. Rxe2 Qxe2 27.
f4 Qe4 28. Rf1 Qf5 29. Qe3 Re8 30. Rf2 b6 31. b3 Rd8 32. Be5 d4 33. Qe2 Kf8 34.
Kb2 Nc5 35. Qc4 Qe6 36. Qb4 Qe7 37. Qe1 f6 38. gxf6 gxf6 39. Qh1 d3 40. Bc3
dxc2 41. Rxc2 Qe4 42. Qh6+ Ke8 43. Qxf6 Nd3+ 44. Ka3 Qe7+ 45. Qxe7+ Kxe7 46. f5
Rd5 47. f6+ Kf7 48. Re2 Rd7 49. b4 Nf4 50. Rh2 Ke6 51. Kb3 Nd5 52. Re2+ Kf7 53.
Be5 Ke6 54. Bb2+ Kf7 55. Rf2 Rd6 56. Rh2 Nxf6 57. Bxf6 Rxf6 58. Rxh7+ Ke6 59.
Rxa7 Kd6 60. Rh7 Kc6 61. Rh5 b5 62. Rc5+ Kb6 1/2-1/2

[Event "European Youth Chess Championship B18"]
[Site "Prague, Top Hotel Prague"]
[Date "2012.08.23"]
[Round "7.34"]
[White "Scott, Gordon W"]
[Black "Aperia, Jakob"]
[Result "1-0"]
[WhiteElo "2026"]
[BlackElo "2098"]
[PlyCount "80"]
[EventDate "2012.08.17"]

1. d4 d5 2. c4 c6 3. Nf3 Nf6 4. Nc3 a6 5. c5 Nbd7 6. Bf4 Nh5 7. Bg5 h6 8. Bd2
Nhf6 9. Bf4 Nh5 10. Bd2 Nhf6 11. Bf4 Nh5 12. Be5 Nxe5 13. Nxe5 Nf6 14. e3 Bf5
15. g4 Be4 16. Nxe4 Nxe4 17. Bd3 e6 18. Qc2 Nf6 19. Bg6 Qa5+ 20. b4 Qxb4+ 21.
Kf1 O-O-O 22. Nxf7 Be7 23. Nxh8 Rxh8 24. Rb1 Qa5 25. Bf7 Rf8 26. Bxe6+ Kb8 27.
Kg2 Ne4 28. Bf5 Bh4 29. f3 Nd2 30. Rb2 Nc4 31. Rb3 h5 32. e4 g6 33. Bxg6 hxg4
34. exd5 cxd5 35. Rhb1 Ka8 36. c6 bxc6 37. fxg4 Qc7 38. Bf5 Qg7 39. Qd3 Bg5 40.
Qg3 Qh6 1-0

[Event "European Youth Chess Championship B18"]
[Site "Prague, Top Hotel Prague"]
[Date "2012.08.23"]
[Round "7.35"]
[White "Olson, Hamish"]
[Black "Suchomel, Ales"]
[Result "0-1"]
[WhiteElo "2055"]
[BlackElo "2044"]
[PlyCount "62"]
[EventDate "2012.08.17"]

1. e4 c5 2. Nf3 e6 3. d3 Nc6 4. g3 g6 5. Bg2 Bg7 6. O-O Nge7 7. Nbd2 O-O 8. h4
h5 9. Qe1 d5 10. c3 Qc7 11. a4 b6 12. Qe2 d4 13. c4 e5 14. Ng5 f6 15. Nh3 Bh6
16. Nb3 Bxc1 17. Rfxc1 Kg7 18. Qd2 Ng8 19. a5 Bd7 20. Ra3 Nh6 21. f3 Nb4 22.
Rca1 Qb7 23. Nf2 Rfc8 24. axb6 axb6 25. Qc1 Rxa3 26. Rxa3 Ra8 27. Kh2 Ra4 28.
Bh3 Qa7 29. Nd2 Bxh3 30. Kxh3 Na2 31. Rxa4 Qd7+ 0-1

[Event "European Youth Chess Championship B18"]
[Site "Prague, Top Hotel Prague"]
[Date "2012.08.23"]
[Round "7.36"]
[White "Starek, Stanislav"]
[Black "Archer-Lock, Adrian"]
[Result "1/2-1/2"]
[WhiteElo "2052"]
[BlackElo "1923"]
[PlyCount "89"]
[EventDate "2012.08.17"]

1. d4 d5 2. c4 dxc4 3. Nf3 c5 4. e3 cxd4 5. exd4 Nf6 6. Bxc4 e6 7. O-O Be7 8.
Nc3 a6 9. a4 O-O 10. Qe2 Nc6 11. Rd1 Nb4 12. Bg5 Nfd5 13. Bxe7 Nxe7 14. Ne5
Ned5 15. Ra3 Bd7 16. Qg4 Nf6 17. Qf3 Bc6 18. Nxc6 Nxc6 19. Ne4 Nxe4 20. Qxe4
Qe7 21. Rh3 g6 22. Qf4 h5 23. Rg3 Rad8 24. h3 Rd6 25. d5 e5 26. Qf3 h4 27. Rg4
Nd4 28. Qe3 Nf5 29. Qa3 Nh6 30. Re4 f5 31. Re3 Nf7 32. Rde1 Rc8 33. b3 Re8 34.
Qb2 Qf6 35. Kf1 Kg7 36. Kg1 Kg8 37. Qc3 Kg7 38. Qb4 Qe7 39. Kf1 Rd7 40. d6 Qxd6
41. Qxd6 Nxd6 42. Rxe5 Rxe5 43. Rxe5 Nxc4 44. bxc4 Rc7 45. c5 {...94.} 1/2-1/2

[Event "European Youth Chess Championship B18"]
[Site "Prague, Top Hotel Prague"]
[Date "2012.08.23"]
[Round "7.37"]
[White "Tahaoglu, Ugur Barkin"]
[Black "Kyrkjebo, Erlend"]
[Result "0-1"]
[WhiteElo "1912"]
[BlackElo "2047"]
[PlyCount "56"]
[EventDate "2012.08.17"]

1. d4 Nf6 2. c4 c5 3. d5 e6 4. Nc3 exd5 5. cxd5 d6 6. e4 g6 7. f4 Qe7 8. Nf3
Bg7 9. e5 Bg4 10. Nb5 O-O 11. Nxd6 Rd8 12. Be2 Bxf3 13. gxf3 Nh5 14. O-O f6 15.
Qb3 Rxd6 16. exd6 Qxe2 17. Be3 f5 18. Rae1 Qa6 19. Bxc5 Nd7 20. Bb4 Qb6+ 21.
Kh1 Nxf4 22. Re7 Rd8 23. Qa4 Nf6 24. d7 Bf8 25. Re8 Nxe8 26. Bxf8 Qa6 27. Qd1
Kxf8 28. dxe8=Q+ Rxe8 0-1